000 00556nam a2200217Ia 4500
003 OSt
005 20220926042003.0
006 a|||||r|||| 00| 0
007 ta
008 220923b |||||||| |||| 00| 0 eng d
037 _cGeneral Book
040 _aRTL
_cRTL
_beng
041 _2eng
_aeng
082 _aY, J6
100 _aWinberg Meyer
_9345691
245 0 _aSociety and man
650 _aEssays Sociology
700 _a Shabat Oscar E
_9345692
942 _hY, J6
_cGB
_2CC
999 _c668595
_d668595